000 00245nam a2200109Ia 4500
008 190216s9999||||xx |||||||||||||| ||und||
100 _aJ K V
245 0 _a"J K V Kathakal 1,2"
260 _bSahakarana Sangam
650 _aKathakal
942 _cBK
999 _c24974
_d24974